000 01222pam a2200337 a 4500
999 _c20379
_d20379
001 1844050
003 OSt
005 20170119090817.0
008 810508s1981 nyua b 001 0 eng
010 _a 81047299
020 _a0151367124
040 _aDLC
_cDLC
_dDLC
041 1 _aengger
050 0 0 _aND813.G7
_bB6713 1981
082 0 0 _a759.6
_219
100 2 _aBihalji-Merin, Oto,
_d1904-
240 1 0 _aGoya und wir.
_lEnglish
245 1 0 _aGoya then and now :
_bpaintings, portraits, frescoes /
_cphotographs and layout by Max Seidel ; introduction layout and text by Oto Bihalji-Merin ; translated by John E. Woods.
250 _a1st ed.
260 _aNew York :
_bHarcourt Brace Jovanovich,
_cc1981.
300 _a306 p. :
_bill. (some col.) ;
_c31 cm.
500 _a"A Helen and Kurt Wolff book."
500 _aTranslation of: Goya und wir.
500 _aIncludes index.
504 _aBibliography: p. 303.
600 1 0 _aGoya, Francisco,
_d1746-1828.
700 1 _aGoya, Francisco,
_d1746-1828.
700 1 _aSeidel, Max,
_d1904-
906 _a7
_bcbc
_corignew
_d1
_eocip
_f19
_gy-gencatlg
942 _2lcc
_cBOOKS
_hND 813 .G7B6713 1981